|
|
|
|
| LEADER |
00000nam a22000007a 4500 |
| 005 |
20110919094715.0 |
| 008 |
110919s2009 be ||||s|||| 00| 0 fre d |
| 020 |
|
|
|a 978-2-87496-090-1
|
| 035 |
|
|
|a 4819
|
| 040 |
|
|
|a vLex
|
| 090 |
|
|
|c 2489
|d 2489
|
| 100 |
1 |
|
|a Coipel, Michel
|
| 245 |
1 |
0 |
|a ASBL et activitš marchandes
|h [Recurso electrn̤ico] /
|c Michel Coipel, Michel Davagle
|
| 256 |
|
|
|a Servicio en ln̕ea
|
| 260 |
|
|
|a [Bľgica] :
|b Edipro,
|c 2009.
|
| 300 |
|
|
|a 1 recurso electrn̤ico
|
| 506 |
1 |
|
|a Contenido solo disponible en los productos indicados
|d vLex Global
|d vLex Global (Academic Edition, excluding Law Schools)
|d vLex Global (U.S. Academic Edition, Law Schools)
|d vLex Global (U.S. Academic Edition, excluding Law Schools)
|d vLex Global (Academic Edition, Law Schools)
|
| 650 |
0 |
4 |
|a Mr̉queting
|z Bl̈gica
|
| 700 |
1 |
|
|a Davagle, Michel
|
| 740 |
0 |
|
|a vLex Libros (Servicio en ln̕ea)
|
| 856 |
4 |
0 |
|u http://vlex.com/source/asbl-activites-marchandes-4819
|z Acceso restringido
|
| 942 |
|
|
|c BOOK
|